000 00444nam a22001817a 4500
003 MPLRDC
005 20220104113534.0
008 210129b ||||| |||| 00| 0 eng d
020 _a7-207-01549-6
082 _a782.881 LX-10
100 _a李安葆
245 _a鲁迅与中国现代史
_c
250 _a一版一刷
260 _a
_b黑龙江人民出版社
_c1991
300 _b
650 _a鲁迅传记
942 _cBK
_o782.881 LX-10
999 _c433
_d423